| 000 | 00664nab a2200193 uc4500 | ||
|---|---|---|---|
| 001 | 699841 | ||
| 005 | 20250926100513.0 | ||
| 008 | 011016s2001 spa | ||
| 035 | _a699841 | ||
| 035 | _a(OCoLC)819919533 | ||
| 040 | _ccomduadb | ||
| 041 | _aspa | ||
| 100 | 1 | 0 |
_aGómez García, Juan Guillermo, _d1959- _4aut _0(isni)0000 0000 8386 7160 _0(viaf)315084536 _eaut _9511338 |
| 245 | 1 | 3 | _aLa imagen de Espana y el tema de la conquista en Hispanoamerica del siglo XIX |
| 650 |
_aConquista española _926705 |
||
| 650 |
_aSiglo XIX _91056 |
||
| 773 | 0 |
_tSociología (Medellín) _gNo. 24, Jun. 2001, p. 124-141 _w233078 _x0120-9264 _095670 |
|
| 942 | _cARIMP | ||
| 999 |
_c215766 _d215766 |
||